Research methods : a modular approach (Record no. 12054)
[ view plain ]
| 000 -LEADER | |
|---|---|
| fixed length control field | 00514nam a22001577a 4500 |
| 020 ## - INTERNATIONAL STANDARD BOOK NUMBER | |
| International Standard Book Number | 9780495908982 |
| 082 ## - DEWEY DECIMAL CLASSIFICATION NUMBER | |
| Classification number | 001.4 |
| 100 ## - MAIN ENTRY--PERSONAL NAME | |
| Personal name | Jackson, Sherri L. |
| 245 ## - TITLE STATEMENT | |
| Title | Research methods : a modular approach |
| 250 ## - EDITION STATEMENT | |
| Edition statement | 2nd ed. |
| 260 ## - PUBLICATION, DISTRIBUTION, ETC. | |
| Place of publication, distribution, etc. | Belmont |
| Name of publisher, distributor, etc. | Wadsworth/Cengage Learning |
| Date of publication, distribution, etc. | 2011 |
| 300 ## - PHYSICAL DESCRIPTION | |
| Extent | xxiii, 439 p. |
| Other physical details | ill. ; |
| Accompanying material | 24 cm. |
| 500 ## - GENERAL NOTE | |
| General note | Includes bibliographical references (p. 427-428) and index. |
| 650 ## - SUBJECT ADDED ENTRY--TOPICAL TERM | |
| Topical term or geographic name entry element | 1. Research --Psychological aspects. 2. Research --Study and teaching (Higher) |
| 942 ## - ADDED ENTRY ELEMENTS (KOHA) | |
| Koha item type | Book |
| Withdrawn status | Lost status | Damaged status | Not for loan | Collection code | Permanent Location | Current Location | Shelving location | Date acquired | Source of acquisition | Total Checkouts | Total Renewals | Full call number | Barcode | Date last seen | Date last checked out | Price effective from | Koha item type |
|---|---|---|---|---|---|---|---|---|---|---|---|---|---|---|---|---|---|
| Computer Science | Central Library (CL) | Central Library (CL) | First Floor - Computer Science | 07/03/2013 | Allied Book Company | 1 | 1 | 001.4 JAC | SEECS012532 | 11/02/2015 | 07/08/2015 | 07/12/2013 | Book | ||||
| Computer Science | Central Library (CL) | Central Library (CL) | First Floor - Computer Science | 07/03/2013 | Allied Book Company | 001.4 JAC | SEECS012534 | 06/09/2014 | 07/12/2013 | Book | |||||||
| Computer Science | Central Library (CL) | Central Library (CL) | First Floor - Computer Science | 07/03/2013 | Allied Book Company | 3 | 1 | 001.4 JAC | SEECS012533 | 07/08/2024 | 03/14/2022 | 07/12/2013 | Book | ||||
| Computer Science | Central Library (CL) | Central Library (CL) | First Floor - Computer Science | 07/03/2013 | Allied Book Company | 1 | 1 | 001.4 JAC | SEECS012531 | 05/04/2024 | 02/10/2015 | 07/12/2013 | Book |
